000 00477nam a2200193Ia 4500
005 20250423101128.0
008 250422s9999 xx 000 0 und d
020 _a9780721694115
050 _aRC 76 .S93/
100 _aSwartz, Mark H.
245 0 _aTextbook of physical diagnosis : history and examination
250 _a4th ed.
260 _aPhiladelphia
260 _bSaunders
260 _c2002
300 _a826 p
650 _aPhysical diagnosis.
942 _cBK
999 _c35373
_d35373